LEADER 03901nam 2200529 450 001 9910466858203321 005 20201114065857.0 010 $a1-9751-0849-3 010 $a1-4963-7999-3 035 $a(CKB)4100000007110041 035 $a(MiAaPQ)EBC5829233 035 $a(Au-PeEL)EBL5829233 035 $a(OCoLC)1114968405 035 $a(EXLCZ)994100000007110041 100 $a20201114d2019 uy 0 101 0 $aeng 135 $aurcnu|||||||| 181 $ctxt$2rdacontent 182 $cc$2rdamedia 183 $acr$2rdacarrier 200 00$aHigh-risk & critical care obstetrics /$fsenior editor, Nan H. Troiano ; editors, Patricia M. Witcher, Suzanne McMurtry Baird 205 $aFourth edition. 210 1$aPhiladelphia :$cWolters Kluwer,$d2019. 215 $a1 online resource (xvii, 426 pages) $cillustrations 300 $aPreceded by: High-risk & critical care obstetrics / editors, Nan H. Troiano, Carol J. Harvey, Bonnie Flood Chez. 3rd ed. c2013. 311 $a1-4963-7998-5 327 $aMaternal morbidity and mortality / Patricia M. Witcher and Michael Lindsey -- Improving maternal outcomes / Patricia M. Witcher, Cynthia Chazott, and Bonnie Flood Chez -- Critical care obstetric capabilities : development strategies / Suzanne Mcmurtry Baird and Stephanie Martin -- Simulation-based training / Julie M. R. Arafeh and Gilliam Abir -- Adverse and sentinel maternal events : effective follow-up / Treasa Chidester and Nan Hess-Eggleston -- Hemodynamic and oxygen transport assessment during pregnancy / Nan H. Troiano and Suzanne McMurtry Baird -- Mechanical ventilation during pregnancy / Nan H. Troiano and Benkata D. P. Bandi -- Critical pharmacologic agents / Suzanne Mcmurtry Baird and Michael A. Belfort -- Volume resuscitationa nd blood component therapy -- Donna Ruth and Cornelia R. Graves -- Hypertension in pregnancy / Patricia M. Witcher and Shailen S. Shah -- Maternal cardiac disorders / Cynthia Krening, Nan H. Troiano and Shailen S. Shah -- Pulmonary disorders in pregnancy / Brian A. Mason and Carol Burke -- Venous thromboembolism in pregnancy / Patricia M. Witcher and Cornelia R. Graves -- Obstetric triage tools / Catherine Ruhl -- Diabetic ketoacidosis / Patricia M. Witcher and Cornelia R. Graves -- Acute kidney injury / Betsy Babb Kennedy -- Maternal obesity / Jennifer Dalton and Stacy Strehlow -- Morbidly adherent placenta / Suzanne McMurtry Baird and Karin Fox -- Obstetric hemorrhage / Beth McGovern, Debra Bingham, and Gary A. Dildy III -- Disseminated intravascular coagulation in pregnancy / Melissa C. Sisson and Lewis Hamner III -- Sepsis in pregnancy / Kellie N. Brown and Sonya S. Abdel-Razeq -- Amniotic fluid embolism / Susan Drummond and Edwaqrd R. Yeomans -- Trauma in pregnancy / Donna Ruth and Hugh E. Mighty -- Anesthesia emergencies in the obstetric setting / Patricia M. Witcher and Justin C. Scott -- Cardiopulmonary resuscitation in pregnancy / Julie M. Arafeth and Gillian Abir. 330 $aThis comprehensive analysis of critical care obstetrics concepts offers a summary of research findings and top-notch clinical expertise. Made for perinatal clinicians who provide care to pregnant women with high-risk or critical care conditions -- Cover. 606 $aDelivery (Obstetrics) 606 $aMaternity nursing 606 $aCritical care medicine 608 $aElectronic books. 615 0$aDelivery (Obstetrics) 615 0$aMaternity nursing. 615 0$aCritical care medicine. 676 $a616.028 702 $aTroiano$b Nan H. 702 $aWitcher$b Patricia M. 702 $aBaird$b Suzanne McMurtry 712 02$aAssociation of Women's Health, Obstetric, and Neonatal Nurses, 801 0$bMiAaPQ 801 1$bMiAaPQ 801 2$bMiAaPQ 906 $aBOOK 912 $a9910466858203321 996 $aHigh-risk & critical care obstetrics$91919007 997 $aUNINA LEADER 01745oam 2200433M 450 001 9910715864803321 005 20191123062010.7 035 $a(CKB)5470000002515435 035 $a(OCoLC)1065581825 035 $a(OCoLC)995470000002515435 035 $a(EXLCZ)995470000002515435 100 $a20070221d1858 ua 0 101 0 $aeng 135 $aurcn||||||||| 181 $ctxt$2rdacontent 182 $cc$2rdamedia 183 $acr$2rdacarrier 200 10$aIsaac Seymour, Simon Smith, Samuel C. Walker, Hopestill Bigelow, R. Mullegan, Pleasant Murphy, Isaac Langly [i.e. Langley], James Welch, and Thomas D. Morrison. May 29, 1858 210 1$a[Washington, D.C.] :$c[publisher not identified],$d1858. 215 $a1 online resource (1 page) 225 1 $aHouse report / 35th Congress, 1st session. House ;$vno. 516 225 1 $a[United States congressional serial set ] ;$v[serial no. 968] 300 $a"Langley, Isaac" is the version of the name as it appears in Bill (34) H.R. 488. 300 $aBatch processed record: Metadata reviewed, not verified. Some fields updated by batch processes. 300 $aFDLP item number not assigned. 606 $aClaims 606 $aMilitary pensions 608 $aLegislative materials.$2lcgft 615 0$aClaims. 615 0$aMilitary pensions. 701 $aFlorence$b Thomas B$g(Thomas Birch),$f1812-1875$pDemocrat (PA)$01386914 801 0$bWYU 801 1$bWYU 801 2$bOCLCO 801 2$bOCLCQ 906 $aBOOK 912 $a9910715864803321 996 $aIsaac Seymour, Simon Smith, Samuel C. Walker, Hopestill Bigelow, R. Mullegan, Pleasant Murphy, Isaac Langly , James Welch, and Thomas D. Morrison. May 29, 1858$93437245 997 $aUNINA LEADER 02374nam 22004935 450 001 9910349272003321 005 20251225200648.0 010 $a3-030-32813-9 024 7 $a10.1007/978-3-030-32813-9 035 $a(CKB)4100000009606113 035 $a(MiAaPQ)EBC5946128 035 $a(DE-He213)978-3-030-32813-9 035 $a(PPN)254566804 035 $a(EXLCZ)994100000009606113 100 $a20191028d2019 u| 0 101 0 $aeng 135 $aurcnu|||||||| 181 $ctxt$2rdacontent 182 $cc$2rdamedia 183 $acr$2rdacarrier 200 10$aBenchmarking, Measuring, and Optimizing $eFirst BenchCouncil International Symposium, Bench 2018, Seattle, WA, USA, December 10-13, 2018, Revised Selected Papers /$fedited by Chen Zheng, Jianfeng Zhan 205 $a1st ed. 2019. 210 1$aCham :$cSpringer International Publishing :$cImprint: Springer,$d2019. 215 $a1 online resource (267 pages) $cillustrations 225 1 $aInformation Systems and Applications, incl. Internet/Web, and HCI,$x2946-1642 ;$v11459 311 08$a3-030-32812-0 320 $aIncludes bibliographical references and index. 327 $aAI Benchmarking -- Cloud -- Big Data -- Modeling and Prediction -- Algorithm and Implementations. 330 $aThis book constitutes the refereed proceedings of the First International Symposium on Benchmarking, Measuring, and Optimization, Bench 2018, held in Seattle, WA, USA, in December 2018. The 20 full papers presented were carefully reviewed and selected from 51 submissions. The papers are organized in topical sections named: AI Benchmarking; Cloud; Big Data; Modelling and Prediction; and Algorithm and Implementations. 410 0$aInformation Systems and Applications, incl. Internet/Web, and HCI,$x2946-1642 ;$v11459 606 $aApplication software 606 $aComputer and Information Systems Applications 615 0$aApplication software. 615 14$aComputer and Information Systems Applications. 676 $a690.80684 702 $aZheng$b Chen$4edt$4http://id.loc.gov/vocabulary/relators/edt 702 $aZhan$b Jianfeng$4edt$4http://id.loc.gov/vocabulary/relators/edt 801 0$bMiAaPQ 801 1$bMiAaPQ 801 2$bMiAaPQ 906 $aBOOK 912 $a9910349272003321 996 $aBenchmarking, measuring, and optimizing$91901542 997 $aUNINA